Представление документа в формате MARC21

ПолеНазваниеЗначение
  Тип записи a
  Библиографический уровень m
001 Контрольный номер RU/URAIT/584302
005 Дата корректировки 20260429163625.3
008 Кодируемые данные 260429s2026 RU y f j 000 0 rus u
020 Индекс ISBN __
a ISBN 978-5-534-09621-7
c Цена, тираж 769.00
040 Источник каталогиз. __
a Служба первич. каталог. ИКО Юрайт
c Служба, преобразующая запись ИКО Юрайт
e Правила каталог. RCR
041 Код языка издания __
a Код языка текста rus
044 Код страны публикации __
a Код страны публикации RU
080 Индекс УДК __
a Индекс УДК 316.334:37(075.8)
084 Индекс другой классификации/Индекс ББК __
2 Источник индекса rubbk
a Индекс другой классификации/Индекс ББК 60.5я73
100 Автор __
a Автор Оганян К. М.
q Полное имя Оганян Каджик Мартиросович
245 Заглавие __
a Заглавие Философия человека
b Продолж. заглавия учебник для вузов
c Ответственность К. М. Оганян.
250 Сведения об издании __
g испр. и доп
a Основные сведения об издании 2-е изд.
256 Характеристики компьютерного файла __
a Характеристики компьютерного файла Электрон. дан.
260 Выходные данные __
a Место издания Москва
b Издательство Юрайт
c Дата издания 2026
300 Физическое описание __
a Объем 157 с
440 Серия __
a Серия Высшее образование
500 Примечания __
a Примечание URL: https://urait.ru/bcode/584302 (дата обращения: 29.04.2026).
520 Аннотация __
a Аннотация Учебник посвящен актуальной теме проблемы человека в истории философии от периода античности до современности. Проанализирован образ человека в античной философии, представлен антропосоциогенез в контексте проблемы человека в философии, рассматривается личность в современной западной философии и социологии. Каждая тема сопровождается контрольными вопросами, которые помогут студентам проверить качество освоения теоретического материала.
538 Прим. о системных особенностях __
a Прим. о системных особенностях Режим доступа: Электронно-библиотечная система Юрайт, для авториз. пользователей
653 Ключевые слова __
a Ключевые слова Философия
653 Ключевые слова __
a Ключевые слова Общественные науки
653 Ключевые слова __
a Ключевые слова Философия человека
653 Ключевые слова __
a Ключевые слова Человек как проблема философии
653 Ключевые слова __
a Ключевые слова Проблема человека в западной философии
856 Электронный адрес документа 40
n Местонахождение сервера Юрайт
g Электронная книга
q Тип электронного формата html
h Имя пользователя ЮРАЙТ
v Часы доступа к ресурсу 20271231
2 Способ доступа Показать документ
x Служебное примечание https://urait.ru/book/cover/60C9218F-3E57-42A5-AB58-122CB8D15836
u URL https://urait.ru/bcode/584302
856 Электронный адрес документа 48
q Тип электронного формата cover
u URL https://urait.ru/book/cover/60C9218F-3E57-42A5-AB58-122CB8D15836
911 __
u 0030=https://urait.ru/bcode/584302
911 __
u 073a=9785534096217
u 073d=769.00
911 __
u 106a=s
911 __
u 900l=
952 Тип литературы __
i Дисциплина Философия человека
952 Тип литературы __
i Дисциплина Человек как проблема философии
952 Тип литературы __
i Дисциплина Проблема человека в западной философии